[Event "BLR-ch sf"]
[Site "Minsk"]
[Date "2023.12.09"]
[Round "3"]
[White "Halavan, Uladzimir"]
[Black "Dzenisenia, Mikhail"]
[Result "0-1"]
[WhiteElo "1464"]
[BlackElo "1826"]
[PlyCount "74"]
[EventDate "2023.12.07"]
[EventType "swiss"]
[EventRounds "9"]
[EventCountry "BLR"]
[SourceTitle "CB51_2023"]
[SourceDate "2023.12.20"]
[SourceVersion "1"]
[SourceVersionDate "2023.12.20"]
[SourceQuality "1"]

1. e4 c5 2. Nf3 Nc6 3. Bb5 e5 4. 0-0 Nge7 5. c3 g6 6. d4 cxd4 7. cxd4 exd4 8. Bf4 Bg7 9. Bd6 a6 10. Bc4 b5 11. Bd5 Bb7 12. Nbd2 Nc8 13. Bc5 d6 14. Bxd4 Bxd4 15. Nxd4 N8e7 16. N2f3 0-0 17. Nxc6 Bxc6 18. Bxc6 Nxc6 19. Rc1 Ne5 20. h3 Qf6 21. Nxe5 dxe5 22. Qb3 Rac8 23. Rc3 Rfd8 24. Rfc1 Rxc3 25. Qxc3 Rd4 26. Qe3 Kg7 27. g3 Qe6 28. b3 Qxh3 29. Qf3 Qd7 30. Rc5 Rd3 31. Qe2 Qd4 32. Rd5 Qa1+ 33. Kg2 Rxd5 34. exd5 Qd4 35. Qe3 Qxd5+ 36. Qf3 Qxf3+ 37. Kxf3 f5 0-1

[Event "Minsk op"]
[Site "Minsk"]
[Date "2023.11.09"]
[Round "7"]
[White "Halavan, Uladzimir"]
[Black "Piatrenka, Ivan"]
[Result "0-1"]
[WhiteElo "1452"]
[BlackElo "1742"]
[PlyCount "82"]
[EventDate "2023.11.03"]
[EventType "swiss"]
[EventRounds "9"]
[EventCountry "BLR"]
[SourceTitle "CB46_2023"]
[SourceDate "2023.11.15"]
[SourceVersion "1"]
[SourceVersionDate "2023.11.15"]
[SourceQuality "1"]

1. e4 e5 2. Nf3 Nc6 3. Bc4 Nf6 4. Ng5 d5 5. exd5 Na5 6. Bb5+ c6 7. dxc6 bxc6 8. Bd3 Nd5 9. Nf3 Bd6 10. 0-0 0-0 11. Re1 f5 12. Nxe5 Qf6 13. Nf3 g5 14. c3 g4 15. Nd4 Nf4 16. Bf1 Qh6 17. g3 Nh3+ 18. Bxh3 Qxh3 19. b4 c5 20. bxa5 Bb7 21. Qb3+ Rf7 22. Qxb7 Rxb7 23. Nxf5 Rd7 24. Na3 Rf8 25. Nxd6 Rxd6 26. d4 Rxf2 27. Kxf2 Qxh2+ 28. Kf1 Rf6+ 29. Bf4 Rxf4+ 30. gxf4 g3 31. Re8+ Kf7 32. Ke1 g2 33. Kd2 g1Q+ 34. Kd3 Qxa1 35. Kc4 Qaxa2+ 36. Kb5 Kxe8 37. dxc5 Qb3+ 38. Ka6 Qh6+ 39. Kxa7 Qf7+ 40. Ka8 Qa6+ 41. Kb8 Qfb7# 0-1

[Event "Minsk op"]
[Site "Minsk"]
[Date "2023.11.04"]
[Round "2"]
[White "Vitsiuk, Aleksandra"]
[Black "Halavan, Uladzimir"]
[Result "0-1"]
[WhiteElo "1181"]
[BlackElo "1452"]
[PlyCount "82"]
[EventDate "2023.11.03"]
[EventType "swiss"]
[EventRounds "9"]
[EventCountry "BLR"]
[SourceTitle "CB46_2023"]
[SourceDate "2023.11.15"]
[SourceVersion "1"]
[SourceVersionDate "2023.11.15"]
[SourceQuality "1"]

1. e4 c5 2. d4 cxd4 3. c3 dxc3 4. Nxc3 Nc6 5. Nf3 d6 6. Bc4 a6 7. 0-0 Nf6 8. Qe2 Bg4 9. Qe3 Rc8 10. Be2 g6 11. h3 Bxf3 12. Bxf3 Bg7 13. a3 0-0 14. Bd2 Nd7 15. Bg4 e6 16. Rab1 Nd4 17. Qd3 Ne5 18. Qxd4 Nf3+ 19. Bxf3 Bxd4 20. Ne2 Bg7 21. Bc3 Bxc3 22. Nxc3 b5 23. Rfd1 Qb6 24. Rd3 Rfd8 25. Rbd1 a5 26. Be2 b4 27. axb4 axb4 28. Na4 Qa7 29. b3 Rc2 30. Re1 Qc7 31. Rdd1 d5 32. exd5 Rxd5 33. Bd3 Rc6 34. Re3 Rc1 35. Ree1 Rxd1 36. Rxd1 Qd6 37. Nb2 e5 38. f3 Qc5+ 39. Kh2 Qc3 40. Bc4 Rxd1 41. Nxd1 Qd2 0-1

[Event "Minsk Kupreichik Memorial op"]
[Site "Minsk"]
[Date "2023.04.22"]
[Round "2"]
[White "Halavan, Uladzimir"]
[Black "Arhipov, Roman"]
[Result "1-0"]
[WhiteElo "1394"]
[BlackElo "1736"]
[PlyCount "97"]
[EventDate "2023.04.21"]
[EventType "swiss"]
[EventRounds "7"]
[EventCountry "BLR"]
[SourceTitle "CBM 214 Extra"]
[Source "ChessBase"]
[SourceDate "2023.07.31"]
[SourceVersion "1"]
[SourceVersionDate "2023.07.31"]
[SourceQuality "1"]

1. e4 e5 2. Nf3 Nc6 3. Bc4 Nf6 4. Ng5 d5 5. exd5 Na5 6. Bb5+ c6 7. dxc6 bxc6 8. Bd3 Nd5 9. Nf3 Nf4 10. 0-0 Bd6 11. Nc3 0-0 12. Re1 Bg4 13. Bf1 f5 14. d3 Ng6 15. Be2 h6 16. h3 Bxf3 17. Bxf3 Qf6 18. a3 Rad8 19. Bd2 e4 20. Be2 Qe5 21. g3 Rde8 22. b4 f4 23. Nxe4 fxg3 24. fxg3 Qd4+ 25. Kh1 Rxe4 26. dxe4 Qf2 27. Bg4 Qxg3 28. Re2 Nc4 29. Be6+ Kh7 30. Rg2 Qh4 31. Qg4 Qxg4 32. Rxg4 Nxd2 33. Bf5 Rxf5 34. exf5 Ne7 35. Rd1 h5 36. Rxd2 hxg4 37. Rxd6 Nxf5 38. Rxc6 gxh3 39. Kh2 Nd4 40. Rc4 Nb5 41. a4 Nd6 42. Rc7 a6 43. Rc6 Ne4 44. Kxh3 g5 45. b5 axb5 46. axb5 Kg7 47. b6 Nf6 48. b7 Nd7 49. Rc7 1-0